| 000 | 02105nam a2200361 a 4500 | ||
|---|---|---|---|
| 001 | 000027834 | ||
| 005 | 20200930031132.0 | ||
| 008 | 150130s20uu dr abc 000 0 spa d | ||
| 020 | _a9789945444034 (v. 1) | ||
| 020 | _a9945444069 (v. 4) | ||
| 020 | _a99454444077 (v. 5) | ||
| 020 | _a9789945444093 (v. 7) | ||
| 020 | _a9945444107 (v. 8) | ||
| 040 |
_aDO-SdBNP _bspa _cBNPHU |
||
| 082 |
_axxxx _bxxxx |
||
| 100 | 1 |
_aRosa, María del Jesús De la _910954 |
|
| 245 | 1 | 0 |
_aMatemática : _beducación básica / _cMaría del Jesús de la Rosa, Francisca Antonia Medrano ; ilustraciones Ramón Sandoval. |
| 260 |
_aSanto Domingo : _bActualidad Escolar 2000, _c[20--]. |
||
| 300 |
_a8 v. : _bil., retrs. ; _c28 cm. |
||
| 490 | 1 | _aSigma | |
| 500 | _aeducación básica | ||
| 500 | _acada volumen trae el "Libro del maestro. | ||
| 500 | _aLa biblioteca solamente posee el libro del maestro de los volumenes 1, 5,7 y 8. | ||
| 500 | _aLa biblioteca solamente posee los volumenes 1, 4, 5, 7 y 8. | ||
| 505 | 1 |
_av. 1 : _gunidad 1 -- _tA jugar -- _gunidad 2 -- _tUn paisaje natural -- _gunidad 3 -- _tVamos de compras -- _gunidad 4 -- _tVisitando el museo -- _gunidad 5 -- _t¡Feliz cumpleaños! -- |
|
| 505 | 1 |
_av. 4 : _gunidad 1 -- _tParque nacional submarino de La Caleta -- _gunidad 2 -- _tMonumento nacional Isla Catalina -- _gunidad 3 -- _tMonumento natural Loma Isabela de Torres -- _gunidad 4 -- _tLa Isla Saona -- _gunidad 5 -- _tIsla Beata -- |
|
| 505 | 1 |
_av. 5 : _gunidad 1 -- _tLos mapas -- _gunidad 2 -- _tRuta de la historia -- _gunidad 3 -- _tEl agua: recurso vital -- _gunidad 4 -- _tMedidas -- |
|
| 505 | 1 |
_av. 7 : _gunidad 1 -- _tNúmeros enteros (Z) -- _gunidad 2 -- _tNúmeros racionales (Q) -- _gunidad 3 -- _tZonas de vida en la República Dominicana -- _gunidad 4 -- _tLaguna Cabral o Rincón -- |
|
| 505 | 1 |
_av. 8 : _gunidad 1 -- _tNúmeros reales -- _gunidad 2 -- _tIntroducción al álgebra -- _gunidad 3 -- _tPlano, transformaciones y cuerpos -- _gunidad 4 -- _tEstadística y probabilidad -- |
|
| 700 | 1 |
_aMedrano, Francisca Antonia _931220 |
|
| 700 | 1 |
_aSandoval, Ramón _eil. _910955 |
|
| 830 | 0 |
_aSigma _931222 |
|
| 999 |
_c27326 _d27326 |
||